Statistics for Movie Musicals by Cast

Click here to take the quiz!

General Stats

  • This quiz has been taken 10,778 times
    (10,765 since last reset)
  • The average score is 13 of 22

Answer Stats

YearStarsMovie% Correct
1978Olivia Newton-John, John TravoltaGrease
94%
2016Ryan Gosling, Emma StoneLa La Land
90%
2008Meryl Streep, Pierce BrosnanMamma Mia
85%
1965Julie Andrews, Christopher PlummerThe Sound Of Music
82%
1964Julie Andrews, Dick Van DykeMary Poppins
80%
2002Renee Zellweger, Richard Gere, Catherine Zeta-JonesChicago
75%
2001Nicole Kidman, Ewan McGregorMoulin Rouge
70%
2007Nikki Blonsky, John TravoltaHairspray
68%
1952Gene Kelly, Donald O'Connor, Debbie ReynoldsSingin' In The Rain
67%
2006Jennifer Hudson, BeyoncéDreamgirls
62%
1996Madonna, Antonio BanderasEvita
59%
1972Liza Minnelli, Joel GreyCabaret
56%
1980John Belushi, Dan AykroydThe Blues Brothers
55%
1975Barry Bostwick, Tim Curry, Susan SarandonThe Rocky Horror Picture Show
55%
1961Natalie Wood, Rita MorenoWest Side Story
55%
1964Audrey Hepburn, Rex HarrisonMy Fair Lady
51%
1978Diana Ross, Michael JacksonThe Wiz
50%
1968Barbra Streisand, Omar SharifFunny Girl
46%
1956Deborah Kerr, Yul BrynnerThe King And I
44%
1986Rick Moranis, Ellen Greene, Steve MartinLittle Shop of Horrors
41%
1955Marlon Brando, Frank SinatraGuys And Dolls
31%
1958Mitzi Gaynor, Rossano BrazziSouth Pacific
21%

Score Distribution

Percentile by Number Answered

Percent of People with Each Score

Your Score History

You have not taken this quiz since the last reset